Pokémon - Les attaques de Hydragon - Statistiques

Statistiques générales
  • Ce quiz a été pris 13 fois
  • Le résultat moyen est 11 sur 13
Statistiques - réponses
Niveaux Types Noms des attaques % Correct
Niveau 63 Eau Branchicrok
100%
Niveau 77 Dragon Draco-Charge
100%
Niveau 70 Dragon Draco-Choc
100%
Niveau 35 Dragon Draco-Souffle
100%
Niveau 56 Ténèbres Mâchouille
100%
Niveau 28 Ténèbres Morsure
100%
Départ Eau Pistolet à O
100%
Niveau 21 Roche Pouvoir Antique
100%
Départ Normal Charge
89%
Niveau 7 Normal Abri
56%
Niveau 42 Normal Écrasement
56%
Niveau 49 Normal Croc Fatal
44%
Niveau 14 Ténèbres Centrifugifle
22%
Aucun quiz correspondant
Distribution des résultats
% des personnes avec chaque résultat
Percentile par nombre de réponses
Votre historique - résultats
Vous n’avez pas pris ce quiz